Egy fiatalember tragikus halála
Elmentve itt :
| Dokumentumtípus: | Cikk |
|---|---|
| Megjelent: |
1937-03-26
|
| Sorozat: | Délmagyarország
13 No. 69 |
| Kulcsszavak: | Vermes Imre, Vermes Jenő, Hedry Miklós, Haláleset |
| Online Access: | http://dmarchiv.bibl.u-szeged.hu/40420 |
| LEADER | 00439nab a2200145 i 4500 | ||
|---|---|---|---|
| 001 | delm40420 | ||
| 005 | 20180927130029.0 | ||
| 008 | 180927s1937 hu o 0|| hun d | ||
| 040 | |a SZTE Délmagyarország Archívum |b hun | ||
| 041 | |a hun | ||
| 245 | 0 | 0 | |a Egy fiatalember tragikus halála |h [elektronikus dokumentum] |
| 260 | |c 1937-03-26 | ||
| 300 | |a 2 | ||
| 490 | 0 | |a Délmagyarország |v 13 No. 69 | |
| 695 | |a Vermes Imre, Vermes Jenő, Hedry Miklós, Haláleset | ||